Study of the influence of a powerful pulsed ion beam on titanium deeply-doped with aluminum; Vacuum; Vol. 217
| Parent link: | Vacuum.— .— Amsterdam: Elsevier Science Publishing Company Inc. Vol. 217.— 2023.— Article number 112527, P. 1-7 |
|---|---|
| מחבר תאגידי: | |
| מחברים אחרים: | , , , , |
| סיכום: | The work studies the synergy effect of high-intensity implantation of aluminum ions and the subsequent impact of a powerful pulsed ion beam on the microstructure and properties of titanium. Specimens of titanium were implanted for 1 h at a temperature of 1170 K with an ion fluence of 1021 ions/cm2 . Layers with a thickness of about 150 μm were obtained. The energy impact was carried out by a powerful nanosecond pulsed ion beams with an ion current density on the target of 100 A/cm2. The paper presents data on changes in the elemental composition, and microstructure of ion-doped and energy-modified layers. It has been established that the additional energy impact on the ion-doped layer of a powerful pulsed beam improves microstructure at depths of about 4.31 μm. The synergistic of high-intensity ion implantation of aluminum and the energy impact of a pulsed ion beam improves the wear resistance of titanium by eighteen folds. Текстовый файл |
| שפה: | אנגלית |
| יצא לאור: |
2023
|
| נושאים: | |
| גישה מקוונת: | https://doi.org/10.1016/j.vacuum.2023.112527 |
| פורמט: | אלקטרוני Book Chapter |
| KOHA link: | https://koha.lib.tpu.ru/cgi-bin/koha/opac-detail.pl?biblionumber=671732 |
MARC
| LEADER | 00000naa0a2200000 4500 | ||
|---|---|---|---|
| 001 | 671732 | ||
| 005 | 20240607115825.0 | ||
| 014 | |2 sici | ||
| 090 | |a 671732 | ||
| 100 | |a 20240305d2023 k||y0rusy50 ca | ||
| 101 | 1 | |a eng |c rus | |
| 102 | |a NL | ||
| 135 | |a drcn ---uucaa | ||
| 181 | 0 | |a a |b e | |
| 182 | 0 | |a b | |
| 183 | 0 | |a cr |2 RDAcarrier | |
| 200 | 1 | |a Study of the influence of a powerful pulsed ion beam on titanium deeply-doped with aluminum |f A. Ryabchikov, O. Korneva, A. Ivanova [et al.] |d Исследование влияния мощного импульсного ионного пучка на титан, глубоко легированный алюминием |z rus | |
| 203 | |a Текст |b визуальный |c электронный | ||
| 283 | |a online_resource |2 RDAcarrier | ||
| 320 | |a References : p. 6-7 (53 tit.) | ||
| 330 | |a The work studies the synergy effect of high-intensity implantation of aluminum ions and the subsequent impact of a powerful pulsed ion beam on the microstructure and properties of titanium. Specimens of titanium were implanted for 1 h at a temperature of 1170 K with an ion fluence of 1021 ions/cm2 . Layers with a thickness of about 150 μm were obtained. The energy impact was carried out by a powerful nanosecond pulsed ion beams with an ion current density on the target of 100 A/cm2. The paper presents data on changes in the elemental composition, and microstructure of ion-doped and energy-modified layers. It has been established that the additional energy impact on the ion-doped layer of a powerful pulsed beam improves microstructure at depths of about 4.31 μm. The synergistic of high-intensity ion implantation of aluminum and the energy impact of a pulsed ion beam improves the wear resistance of titanium by eighteen folds. | ||
| 336 | |a Текстовый файл | ||
| 461 | 1 | |c Amsterdam |n Elsevier Science Publishing Company Inc. |t Vacuum | |
| 463 | 1 | |d 2023 |t Vol. 217 |v Article number 112527, P. 1-7 | |
| 610 | 1 | |a vacuum arc | |
| 610 | 1 | |a plasma | |
| 610 | 1 | |a high intensity | |
| 610 | 1 | |a energy impact | |
| 610 | 1 | |a synergy effect | |
| 610 | 1 | |a titanium properties | |
| 610 | 1 | |a ion implantation | |
| 610 | 1 | |a труды учёных ТПУ | |
| 610 | 1 | |a электронный ресурс | |
| 701 | 1 | |a Ryabchikov |b A. I. |c Professor of Tomsk Polytechnic University, Doctor of physical and mathematical sciences |c physicist |f 1950- |g Aleksandr Ilyich |9 15150 | |
| 701 | 1 | |a Korneva |b O. S. |c physicist |c engineer of Tomsk Polytechnic University |f 1988- |g Olga Sergeevna |9 20156 | |
| 701 | 1 | |a Ivanova |b A. I. |c physicist |c Associate Scientist of Tomsk Polytechnic University |f 1987- |g Anna Ivanovna |9 20002 | |
| 701 | 1 | |a Chernyshev |b A. A. |g Artem Alekseevich | |
| 701 | 1 | |a Tarbokov |b V. A. |c specialist in the field of material science |c Leading engineer of Tomsk Polytechnic University, Candidate of technical sciences |f 1969- |g Vladislav Aleksandrovich |9 21445 | |
| 712 | 0 | 2 | |a National Research Tomsk Polytechnic University |c (2009- ) |9 27197 |
| 801 | 0 | |a RU |b 63413507 |c 20240323 | |
| 850 | |a 63413507 | ||
| 856 | 4 | |u https://doi.org/10.1016/j.vacuum.2023.112527 |z https://doi.org/10.1016/j.vacuum.2023.112527 | |
| 942 | |c CR | ||